000 00419nam a22001697a 4500
005 20250620142503.0
008 250506b |||||||| |||| 00| 0 eng d
020 _a9788129135544
040 _cSDCL
041 _aeng
084 _aO-,3NBC Q2 LR
100 _aBhagat, Chetan
245 _aWhat young India wants
260 _aNew Delhi :
_bRupa Publications,
_c2012.
300 _axxvi,181p
942 _2CC
_cGB
999 _c1311826
_d1311826